[Event "Torino op 53rd"]
[Site "Torino"]
[Date "2024.01.03"]
[Round "2"]
[White "Bergero, Simone"]
[Black "Nardelli, Marco"]
[Result "1-0"]
[WhiteElo "2008"]
[BlackElo "2152"]
[PlyCount "99"]
[EventDate "2024.01.02"]
[EventType "swiss"]
[EventRounds "9"]
[EventCountry "ITA"]
[SourceTitle "CBM 218 Extra"]
[Source "ChessBase"]
[SourceDate "2024.03.31"]
[SourceVersion "1"]
[SourceVersionDate "2024.03.31"]
[SourceQuality "1"]

1. d4 Nf6 2. Bg5 d5 3. e3 Nbd7 4. f4 c5 5. c3 Qb6 6. Qc2 Ne4 7. Nf3 h6 8. Bh4 g5 9. Bg3 g4 10. Ne5 Nxe5 11. fxe5 Bf5 12. Bd3 Nxg3 13. hxg3 Bxd3 14. Qxd3 Qxb2 15. 0-0 Qxa1 16. Qb5+ Kd8 17. Qxb7 Rc8 18. Qxd5+ Kc7 19. Qxc5+ Kb8 20. Qb4+ Kc7 21. Qa5+ Kb8 22. Qb5+ Kc7 23. Qc4+ Kb8 24. Qb3+ Ka8 25. Qd5+ Kb8 26. e6 Bg7 27. Nd2 Qxf1+ 28. Kxf1 fxe6 29. Qb5+ Ka8 30. Ne4 Rc7 31. Nc5 Rb8 32. Nxe6 Rxb5 33. Nxc7+ Kb7 34. Nxb5 a6 35. Na3 Kc6 36. Ke2 h5 37. Kd3 e6 38. Nc4 Kb5 39. Nb2 Bf8 40. e4 Bh6 41. Nc4 Bg7 42. Ne3 Kc6 43. c4 Kd6 44. e5+ Ke7 45. Ke4 Bh6 46. d5 Kd7 47. dxe6+ Kxe6 48. Nf5 Bf8 49. Nd4+ Kd7 50. Kd5 1-0

[Event "Turin Elo op"]
[Site "Turin"]
[Date "2009.01.??"]
[Round "8"]
[White "Nardelli, Marco"]
[Black "Gallucci, Alessio"]
[Result "1-0"]
[WhiteElo "2147"]
[BlackElo "2205"]
[PlyCount "119"]
[EventDate "2009.01.19"]
[EventType "swiss"]
[EventRounds "9"]
[EventCountry "ITA"]
[SourceTitle "EXT 2011"]
[Source "ChessBase"]
[SourceDate "2010.11.26"]
[SourceVersion "1"]
[SourceVersionDate "2010.11.26"]
[SourceQuality "1"]

1. e4 c5 2. Nf3 d6 3. d4 cxd4 4. Nxd4 Nf6 5. Nc3 g6 6. Be3 Bg7 7. f3 Nc6 8. Qd2 0-0 9. Bc4 Bd7 10. 0-0-0 Rc8 11. Bb3 Ne5 12. Kb1 Nc4 13. Bxc4 Rxc4 14. g4 b5 15. b3 b4 16. bxc4 bxc3 17. Qxc3 Qc7 18. g5 Rb8+ 19. Ka1 Ne8 20. Rb1 Rc8 21. Rb4 d5 22. exd5 Nd6 23. c5 a5 24. Rb2 Nf5 25. c6 Bxc6 26. Qxc6 Qd8 27. Qb6 Nxe3 28. Qxd8+ Rxd8 29. Nc6 Rd7 30. Kb1 Bxb2 31. Kxb2 a4 32. Re1 Nxd5 33. c4 Nb6 34. Kc3 Rc7 35. Na5 Nd5+ 36. Kd4 Nf4 37. Re5 f6 38. gxf6 exf6 39. Rb5 Rd7+ 40. Kc5 Rd2 41. a3 Rxh2 42. Kb6 Rc2 43. c5 Nd5+ 44. Kb7 Ne7 45. c6 Nxc6 46. Nxc6 Rc3 47. Nd4 Rxa3 48. Kc6 Kg7 49. Kd5 Ra1 50. Rb2 h5 51. Rb7+ Kh6 52. Ke6 Rd1 53. Rd7 a3 54. Nf5+ gxf5 55. Rxd1 Kg5 56. Ra1 Kf4 57. Rxa3 h4 58. Ra4+ Kg3 59. Kxf5 h3 60. f4 1-0

[Event "Bratto op-A 28th"]
[Site "Bratto"]
[Date "2008.08.30"]
[Round "9"]
[White "Nardelli, Marco"]
[Black "Piemonti, Carlo"]
[Result "1-0"]
[WhiteElo "2113"]
[BlackElo "2051"]
[PlyCount "59"]
[EventDate "2008.08.22"]
[EventType "swiss"]
[EventRounds "9"]
[EventCountry "ITA"]
[SourceTitle "EXT 2010"]
[Source "ChessBase"]
[SourceDate "2010.11.25"]
[SourceVersion "1"]
[SourceVersionDate "2010.11.25"]
[SourceQuality "1"]

1. e4 c5 2. Nf3 Nc6 3. d4 cxd4 4. Nxd4 Nf6 5. Nc3 d6 6. Bg5 e6 7. Qd2 a6 8. 0-0-0 h6 9. Be3 Nxd4 10. Bxd4 b5 11. f3 Be7 12. g4 Qa5 13. Kb1 b4 14. Ne2 e5 15. Be3 Be6 16. Nc1 Qc7 17. g5 hxg5 18. Bxg5 d5 19. Bxf6 gxf6 20. exd5 Rd8 21. Bxa6 Bxd5 22. Bb5+ Kf8 23. Qg2 Qb7 24. Rhg1 Bc5 25. Qg7+ Ke7 26. Rg6 Bxa2+ 27. Kxa2 Rxd1 28. Qxf6+ Kf8 29. Qxh8+ Ke7 30. Qe8# 1-0

[Event "Bratto op-A 28th"]
[Site "Bratto"]
[Date "2008.08.23"]
[Round "2"]
[White "Nardelli, Marco"]
[Black "Efimov, Igor"]
[Result "0-1"]
[WhiteElo "2113"]
[BlackElo "2458"]
[PlyCount "52"]
[EventDate "2008.08.22"]
[EventType "swiss"]
[EventRounds "9"]
[EventCountry "ITA"]
[SourceTitle "CBM 126 Extra"]
[Source "ChessBase"]
[SourceDate "2008.11.05"]
[SourceVersion "1"]
[SourceVersionDate "2008.11.05"]
[SourceQuality "1"]

1. e4 c5 2. Nf3 d6 3. d4 cxd4 4. Nxd4 Nf6 5. Nc3 Bd7 6. Bg5 e6 7. Qd2 a6 8. f4 h6 9. Bxf6 Qxf6 10. 0-0-0 Nc6 11. e5 dxe5 12. Ndb5 Qd8 13. Nd6+ Bxd6 14. Qxd6 Qe7 15. fxe5 Rd8 16. Qxe7+ Kxe7 17. Re1 Bc8 18. g3 b5 19. Bg2 Bb7 20. a4 b4 21. Nb1 Rd7 22. Nd2 Rc8 23. Nb3 Na5 24. Nxa5 Bxg2 25. Rhg1 Bd5 26. Re3 Rdc7 0-1

[Event "Novi Ligure op 1st"]
[Site "Novi Ligure"]
[Date "2006.10.14"]
[Round "3"]
[White "Trumpf, Walter"]
[Black "Nardelli, Marco"]
[Result "0-1"]
[WhiteElo "2083"]
[BlackElo "2133"]
[PlyCount "63"]
[EventDate "2006.10.13"]
[EventType "swiss"]
[EventRounds "5"]
[EventCountry "ITA"]
[SourceTitle "EXT 2007"]
[Source "ChessBase"]
[SourceDate "2006.11.23"]
[SourceVersion "1"]
[SourceVersionDate "2006.11.23"]
[SourceQuality "1"]

1. d4 Nf6 2. Nc3 d5 3. e4 dxe4 4. f3 exf3 5. Nxf3 Bg4 6. h3 Bxf3 7. Qxf3 c6 8. Qf2 e6 9. Bd3 Nbd7 10. 0-0 Be7 11. Ne4 0-0 12. Nxf6+ Bxf6 13. Be3 Rc8 14. Rad1 Qa5 15. a3 Bg5 16. c3 Rce8 17. Rde1 Re7 18. d5 Qxd5 19. Be4 Bxe3 20. Rxe3 Qc5 21. b4 Qb6 22. c4 Qd4 23. Qe2 f5 24. Rd1 Qb6 25. c5 Nxc5 26. Bc2 Ne4 27. Bxe4 f4 28. Rdd3 fxe3 29. Rxe3 Ref7 30. Kh2 Qc7+ 31. Rg3 g6 32. Qg4 0-1

[Event "Bratto op 26th"]
[Site "Bratto"]
[Date "2006.08.25"]
[Round "7"]
[White "Nardelli, Marco"]
[Black "Mazzilli, Piero"]
[Result "0-1"]
[WhiteElo "2123"]
[BlackElo "2310"]
[PlyCount "108"]
[EventDate "2006.08.19"]
[EventType "swiss"]
[EventRounds "9"]
[EventCountry "ITA"]
[SourceTitle "CBM 113 Extra"]
[Source "ChessBase"]
[SourceDate "2006.09.14"]
[SourceVersion "1"]
[SourceVersionDate "2006.09.14"]
[SourceQuality "1"]

1. e4 c5 2. Nf3 d6 3. c3 Nf6 4. Be2 Nbd7 5. d3 b6 6. 0-0 Bb7 7. Nbd2 e6 8. Re1 Be7 9. Bf1 0-0 10. b3 Qc7 11. Bb2 Ne5 12. d4 Nxf3+ 13. Qxf3 Nxe4 14. Nxe4 f5 15. Qh3 Bxe4 16. f3 Bd5 17. c4 Bb7 18. Rxe6 Bc8 19. Ree1 Bf6 20. f4 Bb7 21. Bd3 g6 22. Re6 Rae8 23. Rae1 Rxe6 24. Rxe6 Qf7 25. Qe3 cxd4 26. Qe2 Rd8 27. Ba3 Be5 28. fxe5 Qxe6 29. Bxd6 Be4 30. h3 Bxd3 31. Qxd3 Rxd6 32. exd6 Qxd6 33. b4 Kg7 34. a4 Kf8 35. a5 Qxb4 36. Qg3 Qe7 37. Qb8+ Kf7 38. axb6 axb6 39. Qxb6 d3 40. Qd4 Qe1+ 41. Kh2 d2 42. Qd7+ Kf6 43. Qd8+ Ke5 44. Qd5+ Kf4 45. Qd4+ Kg5 46. Qd8+ Kh5 47. g4+ fxg4 48. hxg4+ Kxg4 49. Qd7+ Kf3 50. Qd5+ Kf2 51. Qg2+ Ke3 52. Qh3+ Kd4 53. Qd7+ Kc3 54. Qg7+ Kc2 0-1

[Event "Turin Epifania op"]
[Site "Turin"]
[Date "2006.01.??"]
[Round "6"]
[White "Nardelli, Marco"]
[Black "Astengo, Marcello"]
[Result "1-0"]
[WhiteElo "2107"]
[BlackElo "2091"]
[PlyCount "91"]
[EventDate "2006.01.04"]
[EventType "swiss"]
[EventRounds "7"]
[EventCountry "ITA"]
[SourceTitle "EXT 2011"]
[Source "ChessBase"]
[SourceDate "2010.11.26"]
[SourceVersion "1"]
[SourceVersionDate "2010.11.26"]
[SourceQuality "1"]

1. e4 e6 2. d4 d5 3. Nc3 Nf6 4. Bg5 Bb4 5. e5 h6 6. Bd2 Bxc3 7. bxc3 Ne4 8. Qg4 Kf8 9. Bd3 Nxd2 10. Kxd2 c5 11. h4 Nc6 12. Rh3 c4 13. Bf1 Bd7 14. Ne2 Qb6 15. Rg3 Rg8 16. Rf3 Qb2 17. Re1 Qxa2 18. Nf4 Qa5 19. Ree3 Qb5 20. h5 Ke8 21. Ne2 Ne7 22. Rf4 Qb2 23. Ng3 Ba4 24. Qd1 a5 25. Ref3 Rf8 26. Bxc4 dxc4 27. Ne4 Rd8 28. Nc5 Bc6 29. Nxe6 Bxf3 30. Nxg7+ Kd7 31. Qxf3 Kc8 32. Ne6 fxe6 33. Rxf8 a4 34. Qf6 Rxf8 35. Qxf8+ Kd7 36. d5 exd5 37. Qxh6 Qa3 38. Qb6 Kc8 39. h6 Nc6 40. Qe3 Qe7 41. Qh3+ Kc7 42. h7 Qg5+ 43. Kd1 a3 44. h8Q Qxe5 45. Qxe5+ Nxe5 46. Kc1 1-0

[Event "Turin Epifania op"]
[Site "Turin"]
[Date "2006.01.??"]
[Round "4"]
[White "Nardelli, Marco"]
[Black "Pepino, Enrico"]
[Result "1/2-1/2"]
[WhiteElo "2107"]
[BlackElo "2157"]
[PlyCount "21"]
[EventDate "2006.01.04"]
[EventType "swiss"]
[EventRounds "7"]
[EventCountry "ITA"]
[SourceTitle "EXT 2011"]
[Source "ChessBase"]
[SourceDate "2010.11.26"]
[SourceVersion "1"]
[SourceVersionDate "2010.11.26"]
[SourceQuality "1"]

1. e4 c5 2. Nf3 d6 3. d4 cxd4 4. Nxd4 Nf6 5. Nc3 g6 6. Be3 Bg7 7. f3 0-0 8. Bc4 Nc6 9. Qd2 Bd7 10. 0-0-0 Rc8 11. Bb3 1/2-1/2

[Event "Bratto op 25th"]
[Site "Bratto"]
[Date "2005.08.28"]
[Round "9"]
[White "Nardelli, Marco"]
[Black "Di Paolo, Raffaele"]
[Result "0-1"]
[WhiteElo "2108"]
[BlackElo "2271"]
[PlyCount "108"]
[EventDate "2005.08.20"]
[EventType "swiss"]
[EventRounds "9"]
[EventCountry "ITA"]
[SourceTitle "CBM 108 Extra"]
[Source "ChessBase"]
[SourceDate "2005.11.04"]
[SourceVersion "1"]
[SourceVersionDate "2005.11.04"]
[SourceQuality "1"]

1. e4 c5 2. Nf3 Nc6 3. d4 cxd4 4. Nxd4 Qc7 5. Nc3 e6 6. Be2 a6 7. 0-0 Nf6 8. Be3 Bb4 9. Na4 Be7 10. Nxc6 bxc6 11. Nb6 Rb8 12. Nxc8 Qxc8 13. Bd4 Qc7 14. f4 Nxe4 15. Bxg7 Rg8 16. Be5 Qb6+ 17. Kh1 Nf2+ 18. Rxf2 Qxf2 19. Bf3 Rb5 20. c4 Rxe5 21. fxe5 Rg5 22. Qb3 Qa7 23. Re1 Bc5 24. Qd3 Bf2 25. Qxh7 Rf5 26. Rd1 Qc7 27. b4 Ke7 28. Be4 Rg5 29. Rf1 Qxe5 30. Rxf2 Qa1+ 31. Bb1 Rf5 32. Qh4+ Ke8 33. h3 Rxf2 34. Qxf2 Qxb1+ 35. Kh2 Qxb4 36. Qd4 d5 37. Qh8+ Qf8 38. Qe5 Kd7 39. cxd5 cxd5 40. Qf6 Qe7 41. Qg7 f6 42. Qg8 d4 43. Qa8 Qd6+ 44. g3 d3 45. Qb7+ Kd8 46. Qa8+ Ke7 47. Qb7+ Kf8 48. Qa8+ Kg7 49. Qb7+ Kh6 50. Qf7 Qd4 51. h4 Qf2+ 52. Kh3 d2 53. h5 Qf1+ 54. Kh2 Qe2+ 0-1

[Event "Bratto op 25th"]
[Site "Bratto"]
[Date "2005.08.25"]
[Round "6"]
[White "Pulvirenti, Gianni"]
[Black "Nardelli, Marco"]
[Result "0-1"]
[WhiteElo "1965"]
[BlackElo "2108"]
[PlyCount "114"]
[EventDate "2005.08.20"]
[EventType "swiss"]
[EventRounds "9"]
[EventCountry "ITA"]
[SourceTitle "CBM 108 Extra"]
[Source "ChessBase"]
[SourceDate "2005.11.04"]
[SourceVersion "1"]
[SourceVersionDate "2005.11.04"]
[SourceQuality "1"]

1. d4 Nf6 2. Nf3 e6 3. c4 b6 4. e3 Bb7 5. Nc3 Bb4 6. Bd2 0-0 7. Bd3 d6 8. a3 Bxc3 9. Bxc3 Nbd7 10. 0-0 c5 11. Qe2 Ne4 12. Rac1 Qc7 13. Nd2 Nxc3 14. Rxc3 e5 15. Rd1 Rae8 16. dxc5 e4 17. Bc2 dxc5 18. Ba4 Bc6 19. Bxc6 Qxc6 20. Nb1 Rd8 21. Rc2 Ne5 22. Rxd8 Rxd8 23. Nc3 Rd3 24. Nd5 Qa4 25. Nf4 g5 26. Nh3 Qd7 27. Rc1 Rd2 28. Qf1 Qg4 29. Kh1 Nd3 30. Rb1 Nxb2 31. f3 exf3 32. gxf3 Qh5 33. Kg1 Nd3 34. Rd1 Rxd1 35. Qxd1 Ne5 36. Kg2 g4 37. Qd8+ Kg7 38. Nf4 gxf3+ 39. Kf1 Qf5 40. Kf2 Ng6 41. Kxf3 Nxf4 42. exf4 Qh3+ 43. Ke2 Qxh2+ 44. Kf3 Qh3+ 45. Kf2 Qf5 46. Qc7 h5 47. Qxa7 Qxf4+ 48. Ke1 Qxc4 49. Qc7 Qc3+ 50. Kf1 h4 51. Qd7 Qf3+ 52. Ke1 h3 53. Qc7 Qe3+ 54. Kd1 Qd3+ 55. Ke1 Qc3+ 56. Kf1 c4 57. Kg1 Qf3 0-1

[Event "Piemonte-ch"]
[Site "Turin"]
[Date "2005.04.23"]
[Round "3"]
[White "Tacchino, Stefano"]
[Black "Nardelli, Marco"]
[Result "0-1"]
[WhiteElo "2097"]
[BlackElo "2066"]
[PlyCount "103"]
[EventDate "2005.04.21"]
[EventType "swiss"]
[EventRounds "7"]
[EventCountry "ITA"]
[SourceTitle "EXT 2008"]
[Source "ChessBase"]
[SourceDate "2007.11.25"]
[SourceVersion "1"]
[SourceVersionDate "2007.11.25"]
[SourceQuality "1"]

1. d4 Nf6 2. Nf3 e6 3. Bg5 Be7 4. e3 b6 5. Bd3 Bb7 6. Nbd2 d6 7. c3 Nbd7 8. 0-0 0-0 9. Qe2 Nd5 10. Bxe7 Qxe7 11. g3 e5 12. e4 N5f6 13. d5 Ne8 14. Nh4 g6 15. Qg4 Ng7 16. Qh3 Nc5 17. Bc2 Ba6 18. c4 Bc8 19. Qg2 a5 20. Rae1 Bd7 21. Nb3 Na4 22. Bb1 Nxb2 23. f4 Nxc4 24. f5 gxf5 25. exf5 f6 26. Nd4 Rf7 27. Rf4 exf4 28. Rxe7 Rxe7 29. Kf2 fxg3+ 30. hxg3 Re5 31. Ne6 Ne3 32. Qf3 Nxd5 33. Be4 c6 34. Bxd5 cxd5 35. Qg4 Bxe6 36. fxe6 Re8 37. Qd4 Nxe6 38. Qxb6 Ng5 39. Qxa5 d4 40. Qb4 d3 41. Qc4+ d5 42. Qxd3 Ne4+ 43. Kg2 Rc8 44. a4 Rc3 45. Qa6 Rxg3+ 46. Kh2 Rh5 47. Qc8+ Kg7 48. Qc7+ Kh6 49. Qf4+ Rhg5 50. a5 Nc5 51. Qxf6+ Rg6 52. Qf8+ 0-1

[Event "Piemonte-ch"]
[Site "Turin"]
[Date "2005.04.22"]
[Round "2"]
[White "Nardelli, Marco"]
[Black "Astengo, Marcello"]
[Result "0-1"]
[WhiteElo "2066"]
[BlackElo "2120"]
[PlyCount "86"]
[EventDate "2005.04.21"]
[EventType "swiss"]
[EventRounds "7"]
[EventCountry "ITA"]
[SourceTitle "EXT 2008"]
[Source "ChessBase"]
[SourceDate "2007.11.25"]
[SourceVersion "1"]
[SourceVersionDate "2007.11.25"]
[SourceQuality "1"]

1. e4 e6 2. d4 d5 3. Nc3 Nf6 4. Bg5 Bb4 5. e5 h6 6. Bd2 Bxc3 7. bxc3 Ne4 8. Qg4 Kf8 9. Bc1 c5 10. Bd3 Nxc3 11. dxc5 Qa5 12. Bd2 Qxc5 13. Nf3 Nc6 14. 0-0 Bd7 15. Rfe1 Rc8 16. a3 Rc7 17. Re3 Nb5 18. Qh5 Ke8 19. Ng5 Rf8 20. Nh7 Rh8 21. Rg3 Qd4 22. Re1 Rxh7 23. c3 Nxc3 24. Bc1 Ne4 25. Rge3 Nxe5 26. Bxe4 dxe4 27. Rd1 Qc5 28. Rxe4 Qxc1 29. Rxe5 Qxa3 30. Qh4 Qe7 31. Qe4 Rh8 32. Qd4 a6 33. Re3 Bc6 34. Qxg7 Rf8 35. Qxh6 Rd7 36. Rde1 Bd5 37. Re5 Rg8 38. g3 Rg6 39. Qc1 Bc6 40. Rh5 Qf6 41. Qa3 Rg8 42. Qb3 Qf3 43. Rxe6+ Kd8 0-1

[Event "Torino Epifania op"]
[Site "Torino"]
[Date "2005.01.??"]
[Round "3"]
[White "Nardelli, Marco"]
[Black "Astengo, Marcello"]
[Result "0-1"]
[WhiteElo "2031"]
[BlackElo "2074"]
[PlyCount "136"]
[EventDate "2005.01.??"]
[EventType "swiss"]
[EventRounds "7"]
[EventCountry "ITA"]
[SourceTitle "EXT 2024"]
[Source "ChessBase"]
[SourceDate "2023.10.10"]
[SourceVersion "1"]
[SourceVersionDate "2023.10.10"]
[SourceQuality "1"]

1. c4 e6 2. d4 d5 3. Nc3 c6 4. g3 dxc4 5. Bg2 Nf6 6. e4 Nbd7 7. Nge2 Be7 8. 0-0 0-0 9. h3 e5 10. d5 Nc5 11. Be3 Nd3 12. b3 cxd5 13. exd5 Bf5 14. bxc4 Qc8 15. g4 Bg6 16. Qb3 h5 17. g5 Nd7 18. Ng3 N7c5 19. Qd1 h4 20. Nge4 Nxe4 21. Nxe4 Qxc4 22. Qg4 Qa6 23. Qxh4 Rac8 24. Rfd1 Nb2 25. d6 Bd8 26. Rdc1 Bb6 27. Nf6+ gxf6 28. Bf1 Qa4 29. Qh6 Bxe3 30. fxe3 fxg5 31. Qxg5 Qd7 32. Qxe5 Nd3 33. Bxd3 Bxd3 34. Rd1 Bg6 35. Qg3 Rc2 36. Rd4 Rfc8 37. Rad1 Rc1 38. h4 Rxd1+ 39. Rxd1 Rc4 40. Kh2 Rc2+ 41. Kh1 Kh7 42. Qf3 Rxa2 43. h5 Bf5 44. Rf1 Bg4 45. Qe4+ f5 46. Qe7+ Qxe7 47. dxe7 Bxh5 48. Rxf5 Bg6 49. Rf8 b5 50. Rb8 a6 51. e8Q Bxe8 52. Rxe8 b4 53. Rb8 a5 54. Rb5 Kg6 55. Kg1 Kf6 56. Kf1 Ke6 57. Ke1 Kd6 58. Kd1 Kc6 59. Rb8 Kd5 60. Kc1 Kc4 61. e4 Kb3 62. Rb5 a4 63. Rh5 Re2 64. Rh4 a3 65. Kd1 Rg2 66. Rh3+ Kb2 67. Ke1 a2 68. Kf1 Rc2 0-1

[Event "Torino Epifania op"]
[Site "Torino"]
[Date "2005.01.??"]
[Round "6"]
[White "Nardelli, Marco"]
[Black "Giacometto, Mario"]
[Result "1-0"]
[WhiteElo "2031"]
[BlackElo "1999"]
[PlyCount "77"]
[EventDate "2005.01.??"]
[EventType "swiss"]
[EventRounds "7"]
[EventCountry "ITA"]
[SourceTitle "EXT 2024"]
[Source "ChessBase"]
[SourceDate "2023.10.10"]
[SourceVersion "1"]
[SourceVersionDate "2023.10.10"]
[SourceQuality "1"]

1. e4 Nf6 2. e5 Nd5 3. d4 d6 4. Nf3 dxe5 5. Nxe5 Nd7 6. Nf3 c6 7. c4 N5f6 8. Bd3 g6 9. 0-0 Bg7 10. Nc3 0-0 11. Qe2 Nb6 12. h3 Qc7 13. Bg5 Re8 14. Rac1 Nh5 15. Qe3 Bf6 16. Bxf6 Nxf6 17. Qh6 Nbd7 18. Rfe1 Nf8 19. Ne4 Nxe4 20. Bxe4 Qa5 21. a3 Bf5 22. b4 Qxa3 23. Bxf5 gxf5 24. Qg5+ Kh8 25. Ne5 Ng6 26. Nxf7+ Kg7 27. Nh6 e6 28. h4 Qxb4 29. h5 Qd6 30. hxg6 hxg6 31. d5 Qd8 32. Qf4 e5 33. Rxe5 Rxe5 34. Qxe5+ Kxh6 35. Rc3 Qe8 36. Rh3+ Kg5 37. f4+ Kg4 38. Qc3 Kxf4 39. Qg3+ 1-0

[Event "Torino Epifania op"]
[Site "Torino"]
[Date "2005.01.??"]
[Round "5"]
[White "Sorcinelli, Francesco"]
[Black "Nardelli, Marco"]
[Result "1/2-1/2"]
[WhiteElo "2080"]
[BlackElo "2031"]
[PlyCount "153"]
[EventDate "2005.01.??"]
[EventType "swiss"]
[EventRounds "7"]
[EventCountry "ITA"]
[SourceTitle "EXT 2024"]
[Source "ChessBase"]
[SourceDate "2023.10.10"]
[SourceVersion "1"]
[SourceVersionDate "2023.10.10"]
[SourceQuality "1"]

1. e4 c5 2. Nc3 Nc6 3. Nge2 e6 4. d4 cxd4 5. Nxd4 Qc7 6. Be3 a6 7. Qd2 Nf6 8. f3 Bb4 9. 0-0-0 Ne5 10. Kb1 Nc4 11. Bxc4 Qxc4 12. Nde2 b5 13. Bd4 Be7 14. e5 Nd5 15. Nxd5 Qxd5 16. Nc3 Qc6 17. Ne4 Bb7 18. Qf4 Rc8 19. Rd2 Qc4 20. b3 Qb4 21. a3 Qa5 22. Nd6+ Bxd6 23. exd6 f6 24. Bb2 0-0 25. h4 Bd5 26. Rhd1 Qb6 27. Qg3 a5 28. h5 h6 29. Rd4 Rf7 30. Rg4 Qc5 31. Rd2 e5 32. f4 Be6 33. Rh4 a4 34. fxe5 axb3 35. cxb3 fxe5 36. Rh1 Re8 37. Rc1 Qb6 38. Ka1 e4 39. Bd4 Qa5 40. b4 Qa8 41. Rf2 Qd5 42. Rd2 Qg5 43. Qxg5 hxg5 44. Rc5 Bc4 45. Be3 Rf1+ 46. Kb2 Bd3 47. Kc3 Ra8 48. Rxg5 Rxa3+ 49. Kd4 Rf6 50. Rg6 Kf7 51. Rxf6+ Kxf6 52. Kd5 Kf5 53. Rf2+ Kg4 54. Ke5 Bc4 55. Kxe4 Kxh5 56. Rf5+ Kg6 57. Rg5+ Kf6 58. Rg3 Ra2 59. Bd4+ Ke6 60. Rg6+ Kf7 61. Rxg7+ Ke8 62. g4 Rg2 63. Bf6 Be6 64. Re7+ Kf8 65. Rxe6 Re2+ 66. Kd5 Rxe6 67. Be7+ Kf7 68. g5 Kg6 69. Kc5 Re5+ 70. Kb6 Kf5 71. Kc7 Ke6 72. g6 Re4 73. g7 Rg4 74. Bf8 Rg5 75. Kb6 Kf7 76. Kc7 Ke8 77. Kb6 1/2-1/2

[Event "Milan Crespi op 25th"]
[Site "Milan"]
[Date "2004.12.08"]
[Round "7"]
[White "Pace, Pietro Dario"]
[Black "Nardelli, Marco"]
[Result "1/2-1/2"]
[WhiteElo "2130"]
[BlackElo "1999"]
[PlyCount "168"]
[EventDate "2004.12.04"]
[EventType "swiss"]
[EventRounds "9"]
[EventCountry "ITA"]
[SourceTitle "EXT 2007"]
[Source "ChessBase"]
[SourceDate "2006.11.23"]
[SourceVersion "1"]
[SourceVersionDate "2006.11.23"]
[SourceQuality "1"]

1. e4 c5 2. b3 Nc6 3. Bb2 e5 4. Nc3 Nf6 5. Bc4 g6 6. d3 Bg7 7. Nge2 0-0 8. 0-0 a6 9. a4 Nd4 10. Nxd4 cxd4 11. Nd5 Rb8 12. f4 Nh5 13. a5 Nxf4 14. Nxf4 exf4 15. Rxf4 Be5 16. Rf2 d6 17. g3 h5 18. Qd2 Qe7 19. Qh6 Be6 20. Bxe6 Qxe6 21. Ra4 Bg7 22. Qd2 d5 23. Bxd4 dxe4 24. Re2 Rfe8 25. Bxg7 Kxg7 26. Raxe4 Qc6 27. Qe3 Rxe4 28. Qxe4 Qc5+ 29. d4 Qxa5 30. c4 Rd8 31. Kg2 Qb6 32. d5 Qxb3 33. Qd4+ Kg8 34. Rb2 Qa3 35. Rxb7 Qd6 36. Qb6 Qf8 37. Qb4 Qh6 38. Qe7 Rf8 39. Qe2 h4 40. c5 h3+ 41. Kf2 Qc1 42. Qe3 Qh1 43. Ke2 Qxd5 44. Rb1 Qg2+ 45. Kd3 Rd8+ 46. Kc3 Qa2 47. Rb3 a5 48. Qg5 Qa1+ 49. Kc4 Qf1+ 50. Kc3 Rd3+ 51. Kb2 Qe2+ 52. Ka3 Rd2 53. Rc3 Ra2+ 54. Kb3 Rb2+ 55. Ka3 Ra2+ 56. Kb3 Qe6+ 57. Rc4 Re2 58. Qd8+ Kh7 59. Qh4+ Kg7 60. Qd4+ f6 61. c6 Re3+ 62. Ka4 Qe7 63. Qc5 Qe8 64. Kxa5 Re5 65. c7 Qc8 66. Kb6 Rxc5 67. Rxc5 Kf7 68. Rc1 Qe6+ 69. Rc6 Qc8 70. Rc1 f5 71. Rd1 Qe6+ 72. Kb7 Qb3+ 73. Ka8 Qxd1 74. c8Q Qa4+ 75. Kb7 Qe4+ 76. Ka7 Qa4+ 77. Kb6 Qb3+ 78. Ka5 Qa2+ 79. Kb4 Qb2+ 80. Ka4 Qxh2 81. Qc7+ Kf6 82. Qd8+ Kg7 83. Qe7+ Kg8 84. Qe8+ Kh7 1/2-1/2

[Event "Milan Crespi op 25th"]
[Site "Milan"]
[Date "2004.12.07"]
[Round "5"]
[White "Barlocco, Carlo"]
[Black "Nardelli, Marco"]
[Result "1/2-1/2"]
[WhiteElo "2108"]
[BlackElo "1999"]
[PlyCount "190"]
[EventDate "2004.12.04"]
[EventType "swiss"]
[EventRounds "9"]
[EventCountry "ITA"]
[SourceTitle "EXT 2007"]
[Source "ChessBase"]
[SourceDate "2006.11.23"]
[SourceVersion "1"]
[SourceVersionDate "2006.11.23"]
[SourceQuality "1"]

1. d4 Nf6 2. Nf3 e6 3. Bf4 b6 4. e3 Ba6 5. Bxa6 Nxa6 6. 0-0 Be7 7. h3 0-0 8. c4 c6 9. Nc3 d5 10. Qa4 Nb4 11. Ne5 dxc4 12. a3 b5 13. Qd1 Nbd5 14. Nxc6 Qb6 15. Nxd5 Nxd5 16. Nxe7+ Nxe7 17. Qg4 a5 18. Rfc1 Rac8 19. Bg5 f6 20. Bf4 Ng6 21. Bg3 b4 22. axb4 axb4 23. Qe2 c3 24. bxc3 bxc3 25. Rab1 Qa5 26. Rb5 Qa3 27. Qc2 f5 28. Rb3 Qe7 29. Rxc3 Rxc3 30. Qxc3 f4 31. exf4 Nxf4 32. Bxf4 Rxf4 33. Qe3 Rf8 34. Re1 Rd8 35. Qb3 Rd6 36. d5 e5 37. f4 Qa7+ 38. Kh2 exf4 39. Re8+ Kf7 40. Rb8 Qe3 41. Qb7+ Kg6 42. Qb1+ Kh6 43. Rb3 Qe5 44. Rf3 Rxd5 45. Qb6+ g6 46. Qf2 Rd4 47. Qh4+ Kg7 48. Qg4 h5 49. Qc8 g5 50. Qb7+ Kh6 51. Qc6+ Rd6 52. Qc1 Rf6 53. Qc8 Rf7 54. Qg8 Rg7 55. Qf8 Kh7 56. h4 g4 57. Qxf4 Qe7 58. Qf5+ Kg8 59. Qc8+ Kh7 60. Qf5+ Kg8 61. Qd5+ Kh8 62. Qxh5+ Kg8 63. Rg3 Qc7 64. Qd5+ Kh7 65. Qe4+ Kh6 66. Qe3+ Kh5 67. Qf2 Kxh4 68. Qf6+ Kh5 69. Qf5+ Rg5 70. Qf6 Rg6 71. Qc3 Qf4 72. Qe3 Qc7 73. Qc3 Rc6 74. Qh8+ Rh6 75. Qc3 Rc6 76. Qh8+ Rh6 77. Qc3 Kg5+ 78. Kg1 Qb6+ 79. Qe3+ Qxe3+ 80. Rxe3 Kf4 81. Kf2 Rh2 82. Ra3 Rh1 83. Ra4+ Kf5 84. Kg3 Rb1 85. Rf4+ Kg5 86. Rxg4+ Kh5 87. Ra4 Rb2 88. Ra5+ Kg6 89. Kh3 Rb1 90. Kh4 Rb6 91. g4 Rc6 92. Rg5+ Kh6 93. Rg8 Kh7 94. Re8 Kg6 95. Re4 Rb6 1/2-1/2

[Event "Milan Crespi op 25th"]
[Site "Milan"]
[Date "2004.12.05"]
[Round "2"]
[White "Nardelli, Marco"]
[Black "Facchetti, Gianni"]
[Result "0-1"]
[WhiteElo "1999"]
[BlackElo "2203"]
[PlyCount "111"]
[EventDate "2004.12.04"]
[EventType "swiss"]
[EventRounds "9"]
[EventCountry "ITA"]
[SourceTitle "EXT 2007"]
[Source "ChessBase"]
[SourceDate "2006.11.23"]
[SourceVersion "1"]
[SourceVersionDate "2006.11.23"]
[SourceQuality "1"]

1. e4 e5 2. Nf3 Nc6 3. Bb5 Bc5 4. 0-0 Nd4 5. Nxd4 Bxd4 6. c3 Bb6 7. d4 c6 8. Ba4 d6 9. Be3 Nf6 10. d5 Bxe3 11. dxc6 0-0 12. fxe3 bxc6 13. Qf3 Qb6 14. Nd2 Ba6 15. Rf2 Qxb2 16. Rd1 Qb6 17. Qg3 Nd7 18. Bc2 Nc5 19. Nf3 Rad8 20. Nh4 Bc8 21. Rdf1 Be6 22. Nf5 Bxf5 23. Rxf5 Qc7 24. Qg5 f6 25. Qh4 Qe7 26. g4 h6 27. Qg3 g6 28. R5f2 Kg7 29. h4 Rb8 30. Qg2 g5 31. Qf3 gxh4 32. Bb1 Ne6 33. Rh2 Ng5 34. Qe2 h3 35. Qc4 Qe6 36. Qxe6 Nxe6 37. Rxh3 Rb2 38. Rhf3 Nc5 39. Rf5 Re2 40. Rd1 Rd8 41. Bd3 Rxe3 42. Kf2 Rxd3 43. Rxd3 Nxe4+ 44. Ke3 d5 45. c4 Nd6 46. Rf1 Nxc4+ 47. Ke2 Rb8 48. Rb3 Rb6 49. Rc1 e4 50. Kf2 Kg6 51. Kg3 Ne5 52. Ra3 a6 53. Rh1 c5 54. Kf4 Nd3+ 55. Ke3 Rc6 56. Rh5 0-1